| 000 -LEADER |
| fixed length control field |
00494 a2200181 4500 |
| 003 - CONTROL NUMBER IDENTIFIER |
| control field |
OSt |
| 005 - DATE AND TIME OF LATEST TRANSACTION |
| control field |
20260319142841.0 |
| 008 - FIXED-LENGTH DATA ELEMENTS--GENERAL INFORMATION |
| fixed length control field |
260319b ||||| |||| 00| 0 eng d |
| 020 ## - INTERNATIONAL STANDARD BOOK NUMBER |
| International Standard Book Number |
9780521646291 |
| 040 ## - CATALOGING SOURCE |
| Transcribing agency |
. |
| 082 ## - DEWEY DECIMAL CLASSIFICATION NUMBER |
| Classification number |
910.92 |
| Item number |
S9416 |
| 100 ## - MAIN ENTRY--PERSONAL NAME |
| 9 (RLIN) |
6723 |
| Personal name |
Subrahmanyam, Sanjay |
| 245 ## - TITLE STATEMENT |
| Title |
The Career and Legend of Vasco Da Gama / |
| Statement of responsibility, etc. |
Sanjay Subrahmanyam |
| 260 ## - PUBLICATION, DISTRIBUTION, ETC. |
| Name of publisher, distributor, etc. |
Cambridge University Press, |
| Place of publication, distribution, etc. |
New York : |
| Date of publication, distribution, etc. |
1997. |
| 300 ## - PHYSICAL DESCRIPTION |
| Extent |
400 p. |
| 650 #0 - SUBJECT ADDED ENTRY--TOPICAL TERM |
| 9 (RLIN) |
338 |
| Topical term or geographic name entry element |
Biography |
| 942 ## - ADDED ENTRY ELEMENTS (KOHA) |
| Source of classification or shelving scheme |
|
| Koha item type |
Books |